RICH DAD,POOR DAD (Record no. 5262)
[ view plain ]
| 000 -LEADER | |
|---|---|
| fixed length control field | 00297nam a22001337a 4500 |
| 020 ## - INTERNATIONAL STANDARD BOOK NUMBER | |
| ISBN | 0-446-67745-0 |
| 082 ## - DEWEY DECIMAL CLASSIFICATION NUMBER | |
| Classification number | 159 |
| Item number | KIY/R |
| 100 ## - MAIN ENTRY--AUTHOR NAME | |
| Personal name | KIYOSAKI,ROBERT, T |
| 245 ## - TITLE STATEMENT | |
| Title | RICH DAD,POOR DAD |
| 260 ## - PUBLICATION, DISTRIBUTION, ETC. (IMPRINT) | |
| Place of publication | USA |
| Name of publisher | WARNER BOOKS |
| 300 ## - PHYSICAL DESCRIPTION | |
| Number of Pages | 207 |
| 650 ## - SUBJECT ADDED ENTRY--TOPICAL TERM | |
| Topical Term | PERSONALITY DEVELOPMENT |
| Geographic subdivision | USA |
| 942 ## - ADDED ENTRY ELEMENTS (KOHA) | |
| Koha item type | Books |
| Withdrawn status | Lost status | Collection code | Home library | Current library | Shelving location | Date acquired | Source of acquisition | Full call number | Accession Number | Koha item type |
|---|---|---|---|---|---|---|---|---|---|---|
| Reference | Main Library | Main Library | SHELF-17G-PERSONALITY DEVELOPMENT BOOKS | 06/05/2005 | PURCHASE | 159 KIY/R | 01189 | Books |